Statistics for Indian Presidents Quiz

Click here to take the quiz!

General Stats

  • This quiz has been taken 196 times
  • The average score is 8 of 14

Answer Stats

TermPresident% Correct
2017-Ram Nath Kovind
90%
2002-2007Avul Pakir Jainulabdeen Abdul Kalam
88%
2007-2012Pratibha Patil
83%
1950-1962Rajendra Prasad
82%
2012-2017Pranab Mukherjee
80%
1962-1967Sarvepalli Radhakrishnan
68%
1982-1987Zail Singh
50%
1967-1969Zakir Husain
45%
1997-2002Kocheril Raman Narayanan
44%
1969-1974Varahagiri Venkata Giri
40%
1992-1997Shankar Dayal Sharma
39%
1974-1977Fakhruddin Ali Ahmed
32%
1977-1982Neelam Sanjiva Reddy
31%
1987-1992Ramaswamy Venkataraman
25%

Score Distribution

Percentile by Number Answered

Percent of People with Each Score

Your Score History

You have not taken this quiz